Americas per Last Letter Quiz Stats

 Plays Quiz Updated Jun 16, 2015

Challenge
Share
Tweet
Embed
Score 0/12 Timer 01:30
10 Plays Today
Last Letter Country or Capital % Correct
AAntigua and Barbuda/Argentina/Bogotá...
99.2%
EBasseterre/Belize/Chile...
87.1%
OMexico/Montevideo/Paramaribo...
85.7%
YGuatemala City/Mexico City/Panama City...
80%
SBahamas/Barbados/Buenos Aires...
77.8%
UNassau/Peru/Roseau
65.1%
LBrazil
63.5%
REcuador/El Salvador/San Salvador
62.1%
NAsunción/Belmopan/Bridgetown...
59%
IHaiti
45%
CDominican Republic
38.7%
ZLa Paz
38.6%

You're not logged in!

Compare scores with friends on all Sporcle quizzes.
Join for Free
OR
Log In

You Might Also Like...

Show Comments

Extras

Top Quizzes Today


Score Distribution

Your Account Isn't Verified!

In order to create a playlist on Sporcle, you need to verify the email address you used during registration. Go to your Sporcle Settings to finish the process.

Report this User

Report this user for behavior that violates our Community Guidelines.

Details: